000 00860nam a2200265 a 4500
001 67457
003 BD-RjUL
005 20211209081646.0
008 170325s1938 nyua 001 0 eng d
035 _a(BD-RjUL)67588
035 _a(OCoLC)00534558
035 _aGLIS00159775
040 _aDLC/ICU
_cCGU
_dBD-RjUL
_beng
041 _aeng
082 _223
_a533.7
_bKEK 1938
100 1 _aKennard, Earle H.
_9199562
245 1 0 _aKinetic theory of gases :
_bwith an introduction to statistical mechanics /
_cEarle H. Kennard
260 _aNew York :
_bMcGraw-Hill,
_cc1938.
300 _axiii, 483 p. :
_bill. ;
_c24 cm.
490 1 _aInternational series in pure and applied physics.
500 _aIncludes indexes.
650 0 _aKinetic theory of gases.
_9199563
830 0 _aInternational series in pure and applied physics.
_9154746
942 _2ddc
_cBK
999 _c67457
_d67457